Champions League Top Goal Scorers 2000s. - Statistics

General Stats
  • This quiz has been taken 89 times
  • The average score is 15 of 20
Answer Stats
Club (No. of Goals Player % Correct
Man Utd, Real Madrid (22) Cristiano Ronaldo
99%
Arsenal, Barcelona (42) Thierry Henry
96%
Real Madrid (45) Raul
94%
Barcelona (25) Lionel Messi
92%
AC Milan, Chelsea, Dynamo Kyiv (33) Andriy Shevchenko
91%
Marseille, Chelsea (31) Didier Drogba
87%
Man Utd, Real Madrid (48) Ruud van Nistelrooy
86%
Juventus (22) Alessandro Del Piero
82%
Liverpool (19) Steven Gerrard
82%
Ajax, Juventus, Inter Milan, Barcelona (19) Zlatan Ibrahimovic
81%
Chelsea (19) Frank Lampard
79%
Man Utd (20) Wayne Rooney
79%
Juventus, AC Milan (32) Filippo Inzaghi
75%
Mallorca, Barcelona, Inter Milan (19) Samuel Eto'o
75%
AC Milan, Real Madrid (24) Kaka
73%
Juventus (25) David Trezeguet
61%
Lazio, Inter Milan, Chelsea, AC Milan (23) Hernan Crespo
58%
Real Madrid, Monaco, Liverpool, Valencia (23) Fernando Morientes
56%
Deportivo, Bayern Munich (29) Roy Makaay
55%
Lyon (18) Juninho Pernambucano
12%
No matching quizzes found
Score Distribution
Percent of People with Each Score
Percentile by Number Answered
Your Score History
You have not taken this quiz